00460nam a2200121Ia 4500008004100000050001600041100002800057245006100085260003400146300001800180505012300198650001700321120626s9999 sp 000 0 spa d aBD113 bW84 aWundt, Guillermoeautor aFundamentos de metafísica. Tomo 1 c/ Guillermo Wundt aMadridb: Editor Daniel Jorro a523 páginas aI. Introducción II. Del pensar III. Del conocer IV. De los conceptos del entendimiento V. De las ideas trascendentes 0aMETAFÍSICA